00421nam a2200157 a 45000010005000000030009000050080041000140200015000550400028000700820017000981000040001152450039001552600032001943000010002266500027002367437CO-ViMGA141112s2004 ck r 000 u spa d a8471629682 aCO-ViMGAbspacCO-ViMGA04a346.077 M1771 aMartinez de Aguirre y Aldaz, Carlos10aLa promesa pública de recompensa aBarcelona : bBosch, c1985 a349 p14aOBLIGACIONES (DERECHO)